00520nam a22001937a 450000500170000001000110001702000220002803500110005003700160006104000120007708200110008910000200010024500550012026000380017527000300021330000240024365000230026765000360029020170124110129.0 a801467 c00.00a0207956235 a801467 bCen Lib/Ret aDPLbEN aNbWIL aWilliams, David aShammal :cby David Williamsban adventure novel / bAngus and RobertsonaLondonc1976 bLondona52 Bedford Square avi,184p. c21cm(Hb) aFiction in English aFiction in English, 1900- Texts